| 000 | 00745nam a22002417a 4500 | ||
|---|---|---|---|
| 003 | UA-OsUOA | ||
| 001 | 46374 | ||
| 007 | ta | ||
| 008 | 20070614b un ||||| |||| 00| 0 ukr d | ||
| 100 | _aМансі Є. О. | ||
| 090 |
_a811.111 _bМ23 |
||
| 942 | _cBK | ||
| 040 |
_aUA-OsUOA _bukr _cUA-OsUOA _dUA-OsUOA |
||
| 245 |
_aАнглійська мова _bФонетика, граматика, тексти, діалоги, розмовні теми |
||
| 300 | _a368 с. | ||
| 955 | _a2 | ||
| 041 | _aukr | ||
| 080 | _a811.111 | ||
| 020 | _a966-580-174-0 | ||
| 260 |
_aК. _bАкадемія _c2004 |
||
| 650 | 7 |
_a8 Мовознавство. Художня література. Літературознавство _2UDC |
|
| 999 |
_c332468 _d332468 |
||